| 000 | 01733namaa2200481 i 4500 | ||
|---|---|---|---|
| 003 | EG-GICUC | ||
| 005 | 20260101141052.0 | ||
| 008 | 260101s2019 nyua|||gr|||| 000 0 eng d | ||
| 020 |
_a9780525565314 _q(paperback) |
||
| 020 |
_a0525565310 _q(paperback) |
||
| 020 |
_a9780307428493 _q(eBook) |
||
| 040 |
_aEG-GiCUC _beng _cEG-GiCUC _dEG-GiCUC _erda |
||
| 082 | 0 | 4 |
_221 _a306.092 _bS1322 |
| 092 | 0 | 4 |
_221 _a306.092 _bS1322 |
| 099 | _a306.092 S1322 | ||
| 100 | 1 |
_aSaid, Edward W. _eAuthor. |
|
| 240 | 1 | 0 | _aEssays. |
| 245 | 1 | 4 |
_aThe selected works of Edward Said, 1966-2006 / _cedited by Moustafa Bayoumi and Andrew Rubin. |
| 246 | 1 | _aEdward Said reader | |
| 246 | 3 | 0 | _aEdward Said, 1966-2006 |
| 250 | _aSecond Vintage Books edition. | ||
| 264 |
_aNew York : _bVintage Books, a division of Penguin Random House LLC, _c2019. |
||
| 300 |
_al, 602 pages : _billustrations ; _c21 cm |
||
| 336 |
_2rdacontent _atext |
||
| 337 |
_2rdamedia _aUnmediated |
||
| 338 |
_2rdacarrier _avolume |
||
| 500 | _a"Originally published in shorter form as The Edward Said reader." | ||
| 500 | _a"Newly expanded to represent the full scope of his career"--Cover. | ||
| 504 | _aIncludes bibliographical references (pages 571-600). | ||
| 541 |
_aDr. Jabir Usfour ; _bCairo ; _cGift ; _d2024. |
||
| 600 | 1 | 0 |
_aSaid, Edward W. _99573 |
| 650 | 1 |
_aPolitics and literature. _2qrmak |
|
| 650 | 1 | _aPolitics and culture. | |
| 650 | 1 |
_aCriticism _xPolitical aspects. |
|
| 650 | 1 |
_aCriticism _xPolitical aspects. |
|
| 650 | 1 | _aPolitics and culture. | |
| 650 | 1 | _aPolitics and literature. | |
| 651 | 1 | _2qrmak | |
| 700 | 1 |
_aBayoumi, Moustafa _910473 |
|
| 700 | 1 |
_aRubin, Andrew _910474 |
|
| 905 | _aAsmaa | ||
| 942 |
_2ddc _cBK _e21 _n0 |
||
| 999 |
_c177287 _d177287 |
||